|
|
|
|
| LEADER |
02054nam a2200469 i 4500 |
| 001 |
EBC4068944 |
| 003 |
MiAaPQ |
| 005 |
20200520144314.0 |
| 006 |
m o d | |
| 007 |
cr cnu|||||||| |
| 008 |
160113t20162016si ob 001 0 eng d |
| 020 |
|
|
|z 9789812875846
|
| 020 |
|
|
|a 9789812875853 (e-book)
|
| 035 |
|
|
|a (MiAaPQ)EBC4068944
|
| 035 |
|
|
|a (Au-PeEL)EBL4068944
|
| 035 |
|
|
|a (CaPaEBR)ebr11131935
|
| 035 |
|
|
|a (CaONFJC)MIL847642
|
| 035 |
|
|
|a (OCoLC)936281419
|
| 040 |
|
|
|a MiAaPQ
|b eng
|e rda
|e pn
|c MiAaPQ
|d MiAaPQ
|
| 043 |
|
|
|a p------
|
| 050 |
|
4 |
|a T173.8.P16
|b .S63 2016
|
| 082 |
0 |
|
|a 600
|2 23
|
| 245 |
0 |
0 |
|a Smart technologies for smart nations :
|b perspectives from the Asia-Pacific region /
|c Purnendu Manda, John Vong, editors.
|
| 264 |
|
1 |
|a Singapore ;
|a Heidelberg, [Germany] :
|b Springer Science+Business Media Singapore,
|c 2016.
|
| 264 |
|
4 |
|c 2016
|
| 300 |
|
|
|a 1 online resource (226 pages).
|
| 336 |
|
|
|a text
|2 rdacontent
|
| 337 |
|
|
|a computer
|2 rdamedia
|
| 338 |
|
|
|a online resource
|2 rdacarrier
|
| 490 |
0 |
|
|a Managing the Asian Century
|
| 504 |
|
|
|a Includes bibliographical references and index.
|
| 588 |
|
|
|a Description based on print version record.
|
| 590 |
|
|
|a Electronic reproduction. Ann Arbor, MI : ProQuest, 2015. Available via World Wide Web. Access may be limited to ProQuest affiliated libraries.
|
| 650 |
|
0 |
|a Educational technology
|z Pacific Area.
|
| 650 |
|
0 |
|a Technological innovations
|x Social aspects
|z Pacific Area.
|
| 650 |
|
0 |
|a Technological innovations
|z Pacific Area.
|
| 655 |
|
4 |
|a Electronic books.
|
| 700 |
1 |
|
|a Mandal, Purnendu,
|e editor.
|
| 700 |
1 |
|
|a Vong, John,
|e editor.
|
| 776 |
0 |
8 |
|i Print version:
|a Mandal, Purnendu.
|t Smart technologies for smart nations : perspectives from the Asia-Pacific region.
|d Singapore ; Heidelberg, [Germany] : Springer Science+Business Media Singapore, c2016
|h vi, 228 pages
|k Managing the Asian Century
|z 9789812875846
|
| 797 |
2 |
|
|a ProQuest (Firm)
|
| 856 |
4 |
0 |
|u https://ebookcentral.proquest.com/lib/matrademy/detail.action?docID=4068944
|z Click to View
|